| 000 | 01194nam a2200325 4500 | ||
|---|---|---|---|
| 001 | 0000018500 | ||
| 003 | CO-CtgCURN | ||
| 005 | 20250329190958.0 | ||
| 007 | ta | ||
| 008 | 160627s2002 000 0 eng d | ||
| 020 | _a9681818946 | ||
| 040 |
_aCO-CtgCURN _bspa _ccoctgcurn |
||
| 082 | 0 |
_a624.15 _bL15m |
|
| 100 | 1 | _aWilliam Lambe, T. | |
| 245 | 1 | 0 |
_aMecanica de suelos / _cT. William Lambe , Robert V. Whitman. |
| 250 | _a2a ed. | ||
| 260 |
_aMexico : _bLimusa, _c2002. |
||
| 300 | _a582 p. | ||
| 336 | _2rdacontent | ||
| 337 |
_2rdamedia _asin mediacion _bn |
||
| 338 |
_2rdacarrier _avolumen _bnc |
||
| 500 | _aIncluye indice y apendice. | ||
| 505 | 8 | _aLa naturaleza del suelo.--El suelo seco.--Suelo con agua-regimen estatico o flujo establecido.--Suelos con flujo de agua con regimen variable.--Esfuerzos en una masa de suelo.--Prueba de laboratorio para determinar las propiedades esfuerzos deformacion | |
| 650 | 1 | 4 | _aDeformaciones (Mecanica) |
| 700 | 1 | _aRobert. | |
| 908 | _a160627 | ||
| 942 |
_cBK _h624.15 _iL15m _2ddc |
||
| 999 |
_c10073 _d10073 |
||